| 000 | 01523cam a2200217 4500 | ||
|---|---|---|---|
| 001 | ##L134531 | ||
| 008 | 060814n2006 000 0 eng u | ||
| 035 | _a(Sirsi) u134531 | ||
| 041 | 0 | _aeng | |
| 050 | 0 | 4 | _a711.1 $2 18 |
| 110 | 1 |
_aUnited Kingdom _bAudit Commission _93863 |
|
| 245 | 0 | 0 |
_aValue for money self-assessment guide _bimproving performance on section 106 agreements |
| 260 |
_aLondon _bAudit Commission _c2006 |
||
| 520 | _aAims to help local authority planning departments assess the cost-effectiveness of their use of planning obligations by encouraging them to look at the Value for Money (VFM) aspects of the process rather than the outputs and outcomes. Discusses how VFM principles apply to planning obligations and puts forward the questions councils should ask themselves to determine: what is required and achievable in their area under the Town and Country Planning Act 1990 s106 and are they in a strong position to deliver? The guide is to be used in conjunction with "Route map to improved planning obligations" (L134532). (See also L134535). | ||
| 590 | _aIKA220806 | ||
| 650 | 2 | 4 | _aTOWN AND COUNTRY PLANNING ACT 1990 S106 |
| 651 | 4 |
_aEngland _y886- |
|
| 690 | _aENVIRONMENTAL AND LAND CONSULTANCY-PLANNING AND DEVELOPMENT-PLANNING GUIDANCE | ||
| 856 | 4 | 0 |
_uhttps://www.audit-commission.gov.uk/SiteCollectionDocuments/AuditCommissionReports/NationalStudies/securingcommunitybenefitsvfmguide.pdf _zView the self-assessment guide free of charge at www.audit-commission.gov.uk... |
| 942 | _n0 | ||
| 999 |
_c105716 _d105716 |
||